KRAJI_14 - Štajerska, Prekmurje - JV del - Statistics

General Stats
  • This quiz has been taken 130 times
  • The average score is 12 of 14
Answers on the Map
Answers color-coded by a green-red scale on the quiz's map according to % correct below.
 
Answer Stats
Answer % Correct
Ormož
92%
Ljutomer
91%
Banovci
89%
Beltinci
89%
Črenšovci
89%
Jeruzalem
89%
Središče ob
Dravi
89%
Odranci
88%
Veržej
88%
Pince
86%
Cven
84%
Velika Polana
84%
Turnišče
83%
Benica
80%
No matching quizzes found
Score Distribution
Percent of People with Each Score
Percentile by Number Answered
Your Score History
You have not taken this quiz